Geography of Mali Quiz - Statistics

General Stats
  • This quiz has been taken 99 times
  • The average score is 12 of 20
Answer Stats
Question Answer % Correct
What was the sole official language of Mali before 2023? French
96%
What river is that city located? Niger River
96%
What huge desert covers the northern parts of Mali? Sahara
96%
What is the capital of Mali? Bamako
91%
What famous ancient city in central Mali was once a major trading center? Timbuktu
91%
What country shares the longest border with Mali? Mauritania
90%
What language is Hassaniya a variety of? Arabic
80%
What semi-arid area covers the immediate south of the above? Sahel
79%
What currency is used in Mali? West African CFA Franc
70%
What type of metal is mostly being mined in the southernmost and thewesternmost parts of Mali? Gold
68%
What major line of longitude runs through eastern Mali? Prime Meridian
67%
What macro-language is Tamasheq a variety of? Berber
64%
What notable building in the town of Djenné is built from adobe? Great {Mosque} of Djenné
54%
What three-letter city on that river and close to that line, was once an important commercial centre? Gao
35%
What are the two most spoken languages in Mali? Fula
33%
What river is formed when Bakoy and Bafing rivers join in the town of Bafoulabé,and is home to the lowest point in the country? {Senegal} River
30%
What are the two most spoken languages in Mali? Bambara
27%
What is the name of the highest mountain in Mali?hint: (place of residence - last letter) + (prime minister Johnson - last letter) Mount {Hombori}
25%
What is the meaning of Mali's name? The Place Where The {King} Lives
25%
What unrecognized Taureg-majority state briefly declared its independence in 2012? Azawad
11%
No matching quizzes found
Score Distribution
Percent of People with Each Score
Percentile by Number Answered
Your Score History
You have not taken this quiz